| 000 | 01321namaa2200289 i 4500 | ||
|---|---|---|---|
| 001 | 174190 | ||
| 003 | ES-MaACL | ||
| 005 | 20260211101429.0 | ||
| 008 | 100302s1925 sp | |||| ||spa d | ||
| 080 | _a582.261 | ||
| 080 | _a57.086 | ||
| 100 | 1 |
_aCaballero, Ernesto, _d1858-1935 _9142288 |
|
| 245 | 1 | 0 |
_aTécnica de las preparaciones microscópicas sistemáticas / _cpor Ernesto Caballero y Bellido ; prólogo de S. Ramón y Cajal ; con 4 láminas y 31 figuras en el texto (1 de septiembre). |
| 260 |
_aMadrid : _bJunta para Ampliación de Estudios e Investigaciones Científicas, _c1925. |
||
| 300 |
_a73 p., IV h. de lám. : _bil. ; _c23 cm. |
||
| 490 | 1 |
_aTrabajos del Museo Nacional de Ciencias Naturales. Serie botánica ; _v20 |
|
| 530 | _aDisponible en formato digital. | ||
| 650 | 4 |
_aDiatomeas. _9142287 |
|
| 650 | 4 |
_aMicroscopía. _915032 |
|
| 700 | 1 |
_aRamón y Cajal, Santiago, _d1852-1934 _9226468 |
|
| 710 | 2 |
_aJunta para la Ampliación de Estudios e Investigaciones Científicas. _95413 |
|
| 830 | 1 |
_aTrabajos del Museo Nacional de Ciencias Naturales. Serie botánica ; _v20 _9189324 |
|
| 852 |
_aES-MaACL _jB-13139(1) _cSPB |
||
| 856 | 4 |
_uhttp://bibdigital.rjb.csic.es/ing/Libro.php?Libro=678 _yBiblioteca Digital del Real Jardín Botánico |
|
| 942 | _2udc | ||
| 999 |
_c174190 _d174190 |
||